| 000 | 00551nam a2200169 i 4500 | ||
|---|---|---|---|
| 001 | 141741 | ||
| 003 | ES-MaACL | ||
| 005 | 20230906200346.0 | ||
| 007 | t| | ||
| 008 | 070927s1964 sp ||||1| spa d | ||
| 100 | 1 |
_aWachsmuth, Werner. _9115797 |
|
| 245 | 1 | 0 |
_aOperaciones en las extremidades / _cpor Werner Wachsmuth ; [traducción española revisada por Jaime Vilahur Pedrals]. |
| 260 |
_aBarcelona : _bLabor, _c1964. |
||
| 300 |
_a2 v. : _bil. ; _c25 cm. |
||
| 700 | 1 |
_aVilahur Pedrals, Jaime. _9114765 |
|
| 852 |
_aES-MaACL _jC-27596-7 _bR.56327 |
||
| 999 |
_c141741 _d141741 |
||